| 000 | 00773cam a22002533 4500 | ||
|---|---|---|---|
| 001 | 85278 | ||
| 005 | 20230411090043.0 | ||
| 008 | 901203s1960 sp 000 0 spa d | ||
| 035 | _a(OCoLC)ocn504536071 | ||
| 040 |
_aUKMGB _cUKMGB |
||
| 016 | 7 |
_a004032989 _2Uk |
|
| 035 | _a(OCoLC)504536071 | ||
| 049 | _aGRAL | ||
| 100 | 1 | _aAvarez PIañeyro, Armando. | |
| 245 | 1 | 0 | _aSiemprevivas. (Poesías ... compiladas y ordenadas por Francisco R. Mejía.). |
| 260 | _aMadrid: Ediciones CAR, 1960. | ||
| 300 | _app. 160. 19 cm. | ||
| 490 | 1 | _aEl Juglar y la luna. no. 5. | |
| 700 | 1 | _aMEJIA, Francisco R. | |
| 830 | 0 | _aEl Juglar y la luna. no. 5. | |
| 886 | 2 |
_2blmarc _a709 _b00 _aMEJIA _hFrancisco R. _pX.908/89188. _x3653330068 |
|
| 942 |
_2lcc _cbk |
||
| 994 |
_aC0 _bDRFGD |
||
| 999 |
_c111670 _d111670 |
||